[Event "Hull 4NCL International GM Event"]
[Site "Hull"]
[Date "2019.10.31"]
[Round "3"]
[Board "3"]
[White "Palliser, Richard J D"]
[Black "Harvey, Marcus R"]
[Result "0-1"]
[WhiteElo "2413"]
[BlackElo "2405"]
[PlyCount "0"]
[EventDate "2019.10.30"]
[EventRounds "9"]
[EventCountry "ENG"]

1. e4 {[%clk 01:30:57]} {[%emt 00:00:03]} e6 {[%clk 01:30:47]} {[%emt
00:00:13]} 2. d4 {[%clk 01:31:22]} {[%emt 00:00:05]} d5 {[%clk 01:31:14]}
{[%emt 00:00:03]} 3. Nc3 {[%clk 01:31:46]} {[%emt 00:00:05]} Nf6 {[%clk
01:31:40]} {[%emt 00:00:04]} 4. e5 {[%clk 01:32:03]} {[%emt 00:00:13]} Nfd7
{[%clk 01:32:07]} {[%emt 00:00:03]} 5. f4 {[%emt 00:00:09]} c5 {[%clk
01:32:35]} 6. Nf3 {[%clk 01:32:50]} {[%emt 00:00:06]} Nc6 {[%clk 01:31:18]}
{[%emt 00:01:48]} 7. Be3 {[%clk 01:33:13]} {[%emt 00:00:06]} a6 {[%clk
01:31:16]} {[%emt 00:00:33]} 8. Qd2 {[%clk 01:33:21]} {[%emt 00:00:21]} Qb6
{[%clk 01:31:41]} {[%emt 00:00:06]} 9. O-O-O {[%clk 01:33:20]} {[%emt
00:00:30]} Qa5 {[%clk 01:32:07]} {[%emt 00:00:04]} 10. dxc5 {[%clk 01:33:05]}
{[%emt 00:00:45]} Bxc5 {[%clk 01:32:06]} {[%emt 00:00:31]} 11. Nd4 {[%clk
01:29:46]} {[%emt 00:03:48]} Nxd4 {[%clk 01:29:49]} {[%emt 00:02:48]} 12. Bxd4
{[%clk 01:30:11]} {[%emt 00:00:05]} b5 {[%clk 01:29:53]} {[%emt 00:00:26]} 13.
Kb1 {[%clk 01:30:23]} {[%emt 00:00:18]} b4 {[%clk 01:28:28]} {[%emt 00:01:55]}
14. Ne2 {[%clk 01:30:43]} {[%emt 00:00:10]} Bb7 {[%clk 01:28:37]} {[%emt
00:00:22]} 15. g4 {[%clk 01:15:32]} {[%emt 00:15:41]} Nb6 {[%clk 01:22:24]}
{[%emt 00:06:40]} 16. f5 {[%clk 01:11:07]} {[%emt 00:04:55]} O-O-O {[%clk
01:12:19]} {[%emt 00:10:34]} 17. Nf4 {[%clk 00:57:38]} {[%emt 00:13:58]} Nc4
{[%clk 01:10:13]} {[%emt 00:02:36]} 18. Qf2 {[%clk 00:57:48]} {[%emt 00:00:20]}
Bxd4 {[%clk 01:10:07]} {[%emt 00:00:36]} 19. Qxd4 {[%clk 00:57:34]} {[%emt
00:00:44]} g5 {[%clk 01:08:06]} {[%emt 00:02:31]} 20. Nd3 {[%clk 00:53:22]}
{[%emt 00:04:42]} Qc7 {[%clk 00:55:17]} {[%emt 00:13:20]} 21. h4 {[%clk
00:34:14]} {[%emt 00:19:37]} h6 {[%clk 00:54:49]} {[%emt 00:00:58]} 22. hxg5
{[%clk 00:28:34]} {[%emt 00:06:10]} hxg5 {[%clk 00:55:01]} {[%emt 00:00:18]} 23.
Rxh8 {[%clk 00:29:01]} {[%emt 00:00:03]} Rxh8 {[%clk 00:55:25]} {[%emt
00:00:06]} 24. Nxb4 {[%clk 00:29:15]} {[%emt 00:00:17]} Qxe5 {[%clk 00:55:18]}
{[%emt 00:00:38]} 25. Qc5+ {[%clk 00:27:22]} {[%emt 00:02:22]} Qc7 {[%clk
00:55:28]} {[%emt 00:00:20]} 26. Qa7 {[%clk 00:21:47]} {[%emt 00:06:06]} Qb8
{[%clk 00:55:39]} {[%emt 00:00:19]} 27. Qc5+ {[%clk 00:21:47]} {[%emt
00:00:30]} Qc7 {[%clk 00:56:03]} {[%emt 00:00:05]} 28. Qa7 {[%clk 00:22:13]}
{[%emt 00:00:05]} Qd6 {[%clk 00:35:10]} {[%emt 00:21:23]} 29. a3 {[%clk
00:16:43]} {[%emt 00:06:01]} Rh1 {[%clk 00:34:30]} {[%emt 00:01:09]} 30. fxe6
{[%clk 00:15:42]} {[%emt 00:01:31]} fxe6 {[%clk 00:33:43]} {[%emt 00:01:17]} 31.
Qd4 {[%clk 00:12:52]} {[%emt 00:03:20]} Qf4 {[%clk 00:29:30]} {[%emt 00:04:42]}
32. Qxf4 {[%clk 00:09:14]} {[%emt 00:04:08]} gxf4 {[%clk 00:29:44]} {[%emt
00:00:16]} 33. Be2 {[%clk 00:09:43]} Rh2 {[%clk 00:28:58]} {[%emt 00:01:17]} 34.
Bd3 {[%clk 00:08:39]} {[%emt 00:01:35]} f3 {[%clk 00:26:51]} {[%emt 00:02:37]}
35. Re1 {[%clk 00:05:26]} {[%emt 00:03:42]} a5 {[%emt 00:01:28]} 36. Na2 {[%clk
00:05:25]} {[%emt 00:00:29]} f2 {[%clk 00:26:13]} {[%emt 00:00:12]}  0-1

[Event "Hull 4NCL International GM Event"]
[Site "Hull"]
[Date "2019.10.31"]
[Round "3"]
[Board "4"]
[White "Greet, Andrew N"]
[Black "Gonda, Laszlo"]
[Result "1/2-1/2"]
[WhiteElo "2414"]
[BlackElo "2541"]
[PlyCount "0"]
[EventDate "2019.10.30"]
[EventRounds "9"]
[EventCountry "ENG"]

1. e4 {[%clk 01:29:23]} {[%emt 00:01:36]} e5 {[%clk 01:30:54]} {[%emt
00:00:07]} 2. f4 {[%clk 01:29:40]} {[%emt 00:00:13]} Qh4+ {[%clk 01:30:10]}
{[%emt 00:01:14]} 3. g3 {[%clk 01:29:37]} {[%emt 00:00:33]} Qe7 {[%clk
01:30:37]} {[%emt 00:00:02]} 4. Nc3 {[%clk 01:19:08]} {[%emt 00:10:59]} exf4
{[%clk 01:30:59]} {[%emt 00:00:09]} 5. Nf3 {[%clk 01:19:23]} {[%emt 00:00:15]}
fxg3 {[%clk 01:27:06]} {[%emt 00:04:23]} 6. d4 {[%clk 01:19:34]} {[%emt
00:00:19]} d5 {[%clk 01:27:12]} {[%emt 00:00:24]} 7. Bg5 {[%clk 01:08:38]}
{[%emt 00:11:26]} Nf6 {[%clk 01:02:09]} {[%emt 00:25:30]} 8. e5 {[%clk
01:06:43]} {[%emt 00:02:25]} Qe6 {[%clk 01:02:26]} {[%emt 00:00:13]} 9. Bxf6
{[%clk 00:57:31]} {[%emt 00:09:41]} gxf6 {[%clk 01:02:44]} {[%emt 00:00:12]} 10.
hxg3 {[%clk 00:57:17]} {[%emt 00:00:44]} Nc6 {[%clk 00:49:33]} {[%emt
00:13:41]} 11. Bh3 {[%clk 00:54:29]} {[%emt 00:03:17]} f5 {[%clk 00:47:44]}
{[%emt 00:02:20]} 12. Nh4 {[%clk 00:34:02]} {[%emt 00:20:56]} Ne7 {[%clk
00:47:41]} {[%emt 00:00:34]} 13. Qd3 {[%clk 00:31:40]} {[%emt 00:02:52]} Qh6
{[%clk 00:44:14]} {[%emt 00:03:57]} 14. Qf3 {[%clk 00:18:52]} {[%emt 00:13:18]}
Rg8 {[%clk 00:37:55]} {[%emt 00:06:49]}  1/2-1/2

[Event "Hull 4NCL International GM Event"]
[Site "Hull"]
[Date "2019.10.31"]
[Round "3"]
[Board "5"]
[White "Eggleston, David J"]
[Black "Haria, Ravi"]
[Result "1/2-1/2"]
[WhiteElo "2394"]
[BlackElo "2463"]
[PlyCount "0"]
[EventDate "2019.10.30"]
[EventRounds "9"]
[EventCountry "ENG"]

1. e4 {[%clk 01:30:58]} {[%emt 00:00:01]} e5 {[%clk 01:30:35]} {[%emt
00:00:25]} 2. Nf3 {[%clk 01:31:21]} {[%emt 00:00:07]} Nf6 {[%clk 01:31:00]}
{[%emt 00:00:05]} 3. Nxe5 {[%clk 01:31:19]} {[%emt 00:00:32]} d6 {[%clk
01:31:24]} {[%emt 00:00:06]} 4. Nf3 {[%clk 01:31:44]} {[%emt 00:00:05]} Nxe4
{[%clk 01:31:48]} {[%emt 00:00:06]} 5. d4 {[%clk 01:32:02]} {[%emt 00:00:12]}
d5 {[%clk 01:31:53]} {[%emt 00:00:25]} 6. Bd3 {[%clk 01:32:13]} {[%emt
00:00:19]} Be7 {[%clk 01:31:48]} {[%emt 00:00:35]} 7. O-O {[%clk 01:32:21]}
{[%emt 00:00:22]} Nc6 {[%clk 01:26:43]} {[%emt 00:05:35]} 8. c4 {[%clk
01:31:40]} {[%emt 00:01:11]} Nb4 {[%clk 01:24:52]} {[%emt 00:02:21]} 9. Be2
{[%clk 01:31:25]} {[%emt 00:00:44]} O-O {[%clk 01:23:31]} {[%emt 00:01:51]} 10.
Nc3 {[%clk 01:30:33]} {[%emt 00:01:22]} Be6 {[%clk 01:22:06]} {[%emt 00:01:55]}
11. a3 {[%clk 01:28:38]} {[%emt 00:02:25]} Nxc3 {[%clk 01:16:09]} {[%emt
00:06:27]} 12. bxc3 {[%clk 01:28:58]} {[%emt 00:00:10]} Nc6 {[%clk 01:16:10]}
{[%emt 00:00:29]} 13. cxd5 {[%clk 01:28:12]} {[%emt 00:01:16]} Bxd5 {[%clk
01:15:56]} {[%emt 00:00:44]} 14. Be3 {[%clk 01:13:44]} {[%emt 00:14:56]} Bf6
{[%clk 01:10:03]} {[%emt 00:06:23]} 15. Nd2 {[%clk 01:09:40]} {[%emt 00:04:34]}
Ne7 {[%clk 01:02:20]} {[%emt 00:08:13]} 16. Qc2 {[%clk 01:08:47]} {[%emt
00:01:22]} c5 {[%clk 00:52:11]} {[%emt 00:10:39]} 17. dxc5 {[%clk 01:08:05]}
{[%emt 00:01:12]} Bc6 {[%clk 00:46:27]} {[%emt 00:06:15]} 18. Ne4 {[%clk
00:57:23]} {[%emt 00:11:11]} Nd5 {[%clk 00:35:46]} {[%emt 00:11:13]} 19. Nxf6+
{[%clk 00:56:25]} {[%emt 00:01:28]} Qxf6 {[%clk 00:35:49]} {[%emt 00:00:27]} 20.
Bd4 {[%clk 00:54:57]} {[%emt 00:01:57]} Qg5 {[%clk 00:33:57]} {[%emt 00:02:22]}
21. Bf3 {[%clk 00:54:41]} {[%emt 00:00:47]} Rac8 {[%clk 00:30:40]} {[%emt
00:03:47]} 22. Kh1 {[%clk 00:53:45]} {[%emt 00:01:26]} Nf4 {[%clk 00:29:48]}
{[%emt 00:01:22]} 23. Qd1 {[%clk 00:41:43]} {[%emt 00:12:33]} Ne6 {[%clk
00:16:49]} {[%emt 00:13:29]} 24. Re1 {[%clk 00:34:27]} {[%emt 00:07:45]} Rfd8
{[%clk 00:15:03]} {[%emt 00:02:16]} 25. Bxc6 {[%clk 00:32:54]} {[%emt
00:02:04]} Rxc6 {[%clk 00:14:38]} {[%emt 00:00:55]} 26. Qf3 {[%clk 00:32:28]}
{[%emt 00:00:56]} Qd5 {[%clk 00:11:36]} {[%emt 00:03:32]} 27. Qg4 {[%clk
00:31:14]} {[%emt 00:01:44]} Nxd4 {[%clk 00:03:53]} {[%emt 00:08:12]} 28. cxd4
{[%clk 00:28:05]} {[%emt 00:03:40]} Rg6 {[%clk 00:03:56]} {[%emt 00:00:28]} 29.
Qf3 {[%clk 00:26:13]} {[%emt 00:02:21]} Re6 {[%clk 00:04:08]} {[%emt 00:00:19]}
30. Qxd5 {[%clk 00:25:10]} {[%emt 00:01:33]} Rxd5 {[%clk 00:04:32]} {[%emt
00:00:05]} 31. Reb1 {[%clk 00:25:07]} {[%emt 00:00:33]} b6 {[%clk 00:02:24]}
{[%emt 00:02:38]} 32. Rb4 {[%clk 00:22:49]} {[%emt 00:02:48]} h5 {[%clk
00:01:51]} {[%emt 00:01:02]} 33. cxb6 {[%clk 00:22:45]} {[%emt 00:00:35]} axb6
{[%clk 00:02:15]} {[%emt 00:00:06]} 34. g3 {[%clk 00:22:40]} {[%emt 00:00:34]}
Re2 {[%clk 00:01:09]} {[%emt 00:01:36]} 35. Kg2 {[%clk 00:21:31]} {[%emt
00:01:39]} Rf5 {[%clk 00:01:13]} {[%emt 00:00:27]} 36. Rf1 {[%clk 00:21:56]}
{[%emt 00:00:05]} b5 {[%clk 00:01:39]} {[%emt 00:00:04]} 37. a4 {[%clk
00:21:27]} {[%emt 00:01:00]} bxa4 {[%clk 00:02:04]} {[%emt 00:00:04]} 38. Rxa4
{[%clk 00:21:49]} {[%emt 00:00:09]} Rd2 {[%clk 00:02:28]} {[%emt 00:00:06]} 39.
Ra8+ {[%clk 00:21:41]} {[%emt 00:00:38]} Kh7 {[%clk 00:02:56]} {[%emt
00:00:02]} 40. Rd8 {[%clk 00:21:58]} {[%emt 00:00:13]} g6 {[%clk 00:01:37]}
{[%emt 00:01:48]} 41. Rd7 {[%clk 00:18:49]} {[%emt 00:03:40]} Kg7 {[%clk
00:01:56]} {[%emt 00:00:11]} 42. h4 {[%clk 00:18:21]} {[%emt 00:00:57]}  1/2-1/2

[Event "Hull 4NCL International GM Event"]
[Site "Hull"]
[Date "2019.11.01"]
[Round "4"]
[Board "3"]
[White "Harvey, Marcus R"]
[Black "Greet, Andrew N"]
[Result "1-0"]
[WhiteElo "2405"]
[BlackElo "2414"]
[PlyCount "0"]
[EventDate "2019.10.30"]
[EventRounds "9"]
[EventCountry "ENG"]

1. e4 {[%clk 01:29:27]} {[%emt 00:01:28]} e6 {[%clk 01:30:43]} {[%emt
00:00:18]} 2. d4 {[%clk 01:29:52]} {[%emt 00:00:05]} d5 {[%clk 01:31:06]}
{[%emt 00:00:06]} 3. Nd2 {[%clk 01:30:17]} {[%emt 00:00:06]} c5 {[%clk
01:31:14]} {[%emt 00:00:21]} 4. Ngf3 {[%clk 01:30:44]} {[%emt 00:00:04]} cxd4
{[%clk 01:30:46]} {[%emt 00:00:59]} 5. Nxd4 {[%clk 01:30:50]} {[%emt 00:00:23]}
Nc6 {[%clk 01:30:57]} {[%emt 00:00:19]} 6. Bb5 {[%clk 01:31:17]} {[%emt
00:00:04]} Bd7 {[%clk 01:31:21]} {[%emt 00:00:06]} 7. Nxc6 {[%clk 01:31:43]}
{[%emt 00:00:04]} bxc6 {[%clk 01:31:44]} {[%emt 00:00:06]} 8. Bd3 {[%clk
01:32:11]} {[%emt 00:00:03]} Bd6 {[%clk 01:31:51]} {[%emt 00:00:23]} 9. Qe2
{[%clk 01:32:36]} {[%emt 00:00:05]} Ne7 {[%clk 01:31:51]} {[%emt 00:00:29]} 10.
Nf3 {[%clk 01:33:02]} {[%emt 00:00:05]} Ng6 {[%clk 01:29:16]} {[%emt 00:03:04]}
11. e5 {[%clk 01:33:18]} {[%emt 00:00:15]} Bc7 {[%clk 01:28:40]} {[%emt
00:01:05]} 12. O-O {[%clk 01:33:29]} {[%emt 00:00:19]} f6 {[%clk 01:15:43]}
{[%emt 00:13:27]} 13. Bxg6+ {[%clk 01:28:02]} {[%emt 00:05:57]} hxg6 {[%clk
01:16:06]} {[%emt 00:00:06]} 14. Re1 {[%clk 01:28:29]} {[%emt 00:00:04]} Kf7
{[%clk 01:11:02]} {[%emt 00:05:34]} 15. b3 {[%clk 01:22:58]} {[%emt 00:06:00]}
Rh5 {[%clk 01:09:49]} {[%emt 00:01:42]} 16. Bb2 {[%clk 01:18:52]} {[%emt
00:04:38]} Qh8 {[%clk 01:08:05]} {[%emt 00:02:13]} 17. Qa6 {[%clk 01:16:29]}
{[%emt 00:02:54]} g5 {[%clk 01:02:01]} {[%emt 00:06:34]} 18. Qb7 {[%clk
01:16:23]} {[%emt 00:00:37]} Qb8 {[%clk 01:02:04]} {[%emt 00:00:26]} 19. Qxb8
{[%clk 01:16:46]} {[%emt 00:00:07]} Rxb8 {[%clk 01:02:29]} {[%emt 00:00:05]} 20.
h3 {[%clk 00:59:29]} {[%emt 00:17:47]} c5 {[%clk 00:54:25]} {[%emt 00:08:33]}
21. Ba3 {[%clk 00:59:14]} {[%emt 00:00:46]} Bb6 {[%clk 00:54:25]} {[%emt
00:00:29]} 22. c4 {[%clk 00:59:11]} {[%emt 00:00:33]} dxc4 {[%clk 00:28:36]}
{[%emt 00:26:20]} 23. bxc4 {[%clk 00:58:48]} {[%emt 00:00:53]} Bc6 {[%clk
00:28:46]} {[%emt 00:00:20]} 24. Nd2 {[%clk 00:56:55]} {[%emt 00:02:23]} Rh4
{[%clk 00:27:23]} {[%emt 00:01:52]} 25. Nb3 {[%clk 00:49:46]} {[%emt 00:07:40]}
g4 {[%clk 00:24:44]} {[%emt 00:03:09]} 26. Re3 {[%clk 00:49:20]} {[%emt
00:00:56]} gxh3 {[%clk 00:22:49]} {[%emt 00:02:25]} 27. Rxh3 {[%clk 00:48:22]}
{[%emt 00:01:28]} Rxh3 {[%clk 00:22:43]} {[%emt 00:00:36]} 28. gxh3 {[%clk
00:48:46]} {[%emt 00:00:07]} Rh8 {[%clk 00:23:03]} {[%emt 00:00:10]} 29. Kf1
{[%clk 00:40:23]} {[%emt 00:08:53]} Rxh3 {[%clk 00:21:07]} {[%emt 00:02:25]} 30.
Ke2 {[%clk 00:40:24]} {[%emt 00:00:30]} Rh5 {[%clk 00:19:36]} {[%emt 00:02:00]}
31. exf6 {[%clk 00:40:22]} {[%emt 00:00:32]} gxf6 {[%clk 00:19:59]} {[%emt
00:00:07]} 32. Rd1 {[%clk 00:39:46]} {[%emt 00:01:07]} Re5+ {[%clk 00:20:01]}
{[%emt 00:00:28]} 33. Kd2 {[%clk 00:39:26]} {[%emt 00:00:50]} Rf5 {[%clk
00:18:55]} {[%emt 00:01:35]} 34. Ke3 {[%clk 00:38:13]} {[%emt 00:01:44]} Re5+
{[%clk 00:17:39]} {[%emt 00:01:47]} 35. Kd2 {[%clk 00:36:36]} {[%emt 00:02:07]}
Ke7 {[%clk 00:14:01]} {[%emt 00:04:08]} 36. Rg1 {[%clk 00:34:11]} {[%emt
00:02:55]} Kd6 {[%clk 00:13:00]} {[%emt 00:01:31]} 37. Rg3 {[%clk 00:34:32]}
{[%emt 00:00:08]} Rf5 {[%clk 00:11:27]} {[%emt 00:02:03]} 38. Rd3+ {[%clk
00:34:32]} {[%emt 00:00:32]} Kc7 {[%clk 00:11:40]} {[%emt 00:00:17]} 39. Ke2
{[%clk 00:34:46]} {[%emt 00:00:16]} Be8 {[%clk 00:10:48]} {[%emt 00:01:22]} 40.
Re3 {[%clk 00:34:24]} {[%emt 00:00:53]} Bh5+ {[%clk 00:09:43]} {[%emt
00:01:35]} 41. Ke1 {[%clk 00:34:13]} {[%emt 00:00:41]} Bf7 {[%clk 00:09:47]}
{[%emt 00:00:25]} 42. Rg3 {[%clk 00:34:25]} {[%emt 00:00:18]} Kc6 {[%clk
00:10:08]} {[%emt 00:00:09]} 43. Rg7 {[%clk 00:34:22]} {[%emt 00:00:33]} Bh5
{[%clk 00:10:13]} {[%emt 00:00:24]} 44. Bc1 {[%clk 00:33:47]} {[%emt 00:01:06]}
Bf3 {[%clk 00:08:17]} {[%emt 00:02:25]} 45. Be3 {[%clk 00:33:56]} {[%emt
00:00:21]} Rh5 {[%clk 00:08:18]} {[%emt 00:00:28]} 46. Rg6 {[%clk 00:32:14]}
{[%emt 00:02:12]} Rf5 {[%clk 00:06:22]} {[%emt 00:02:26]} 47. Kd2 {[%clk
00:27:48]} {[%emt 00:04:57]} Be4 {[%clk 00:06:28]} {[%emt 00:00:23]} 48. Rg4
{[%clk 00:27:03]} {[%emt 00:01:16]} Bb1 {[%clk 00:06:38]} {[%emt 00:00:19]} 49.
Kc3 {[%clk 00:26:32]} {[%emt 00:01:01]} Bxa2 {[%clk 00:03:55]} {[%emt
00:03:13]} 50. Nc1 {[%clk 00:26:43]} {[%emt 00:00:19]} Ba5+ {[%clk 00:02:55]}
{[%emt 00:01:30]} 51. Kb2 {[%clk 00:27:02]} {[%emt 00:00:11]} Bxc4 {[%clk
00:02:00]} {[%emt 00:01:25]} 52. Rxc4 {[%clk 00:27:27]} {[%emt 00:00:05]} Bb4
{[%clk 00:01:52]} {[%emt 00:00:38]} 53. Kb3 {[%clk 00:25:47]} {[%emt 00:02:10]}
a5 {[%clk 00:01:45]} {[%emt 00:00:37]} 54. Ne2 {[%clk 00:25:16]} {[%emt
00:01:01]} e5 {[%clk 00:01:13]} {[%emt 00:01:02]} 55. Ng3 {[%clk 00:24:22]}
{[%emt 00:01:24]} Rf3 {[%clk 00:01:37]} {[%emt 00:00:06]} 56. Ne4 {[%clk
00:23:45]} {[%emt 00:01:08]} Kd5 {[%clk 00:00:55]} {[%emt 00:01:12]} 57. Nc3+
{[%clk 00:22:46]} {[%emt 00:01:28]} Kd6 {[%clk 00:00:33]} {[%emt 00:00:52]} 58.
Rh4 {[%clk 00:21:52]} {[%emt 00:01:24]} f5 {[%clk 00:00:44]} {[%emt 00:00:20]}
59. Rh6+ {[%clk 00:22:10]} {[%emt 00:00:11]} Kd7 {[%clk 00:01:07]} {[%emt
00:00:07]} 60. Ne2 {[%clk 00:22:07]} {[%emt 00:00:33]} f4 {[%clk 00:00:32]}
{[%emt 00:01:05]} 61. Ng1 {[%clk 00:22:11]} {[%emt 00:00:26]} fxe3 {[%clk
00:00:45]} {[%emt 00:00:17]} 62. Nxf3 {[%clk 00:22:35]} {[%emt 00:00:06]} e2
{[%clk 00:01:03]} {[%emt 00:00:12]} 63. Nxe5+ {[%clk 00:21:37]} {[%emt
00:01:27]} Ke7 {[%clk 00:01:22]} {[%emt 00:00:11]} 64. Nf3 {[%clk 00:21:50]}
{[%emt 00:00:18]} e1=Q {[%clk 00:01:44]} {[%emt 00:00:07]} 65. Nxe1 {[%clk
00:22:16]} {[%emt 00:00:04]} Bxe1 {[%clk 00:02:10]} {[%emt 00:00:04]} 66. f3
{[%clk 00:22:35]} {[%emt 00:00:11]} Bd2 {[%clk 00:02:01]} {[%emt 00:00:40]} 67.
Rc6 {[%clk 00:22:38]} {[%emt 00:00:27]} Bb4 {[%clk 00:02:25]} {[%emt 00:00:06]}
68. Ra6 {[%clk 00:22:50]} {[%emt 00:00:18]} Kf7 {[%clk 00:02:35]} {[%emt
00:00:20]} 69. Kc4 {[%clk 00:23:13]} {[%emt 00:00:07]} Ke7 {[%clk 00:02:44]}
{[%emt 00:00:21]} 70. Kd5 {[%clk 00:23:30]} {[%emt 00:00:12]} Kf7 {[%clk
00:03:04]} {[%emt 00:00:10]} 71. Kc4 {[%clk 00:21:27]} {[%emt 00:02:33]} Ke7
{[%clk 00:03:20]} {[%emt 00:00:14]} 72. Kb3 {[%clk 00:21:54]} {[%emt 00:00:04]}
Kf7 {[%clk 00:03:40]} {[%emt 00:00:09]} 73. Rc6 {[%clk 00:22:20]} {[%emt
00:00:04]} Ke7 {[%clk 00:04:02]} {[%emt 00:00:08]} 74. Rb6 {[%clk 00:22:45]}
{[%emt 00:00:05]} Kf7 {[%clk 00:04:24]} {[%emt 00:00:08]} 75. Ra6 {[%clk
00:23:10]} {[%emt 00:00:06]} Ke7 {[%clk 00:04:49]} {[%emt 00:00:04]} 76. Kc4
{[%clk 00:23:36]} {[%emt 00:00:05]} Kf7 {[%clk 00:05:14]} {[%emt 00:00:05]} 77.
Kd5 {[%clk 00:24:03]} {[%emt 00:00:02]} Ke7 {[%clk 00:03:37]} {[%emt 00:02:08]}
78. f4 {[%clk 00:24:20]} {[%emt 00:00:13]} Kf7 {[%clk 00:03:54]} {[%emt
00:00:13]} 79. f5 {[%clk 00:24:37]} {[%emt 00:00:13]} Kg7 {[%clk 00:01:17]}
{[%emt 00:03:07]} 80. f6+ {[%clk 00:24:07]} {[%emt 00:01:00]} Kg6 {[%clk
00:01:42]} {[%emt 00:00:05]} 81. Ke6 {[%clk 00:24:34]} {[%emt 00:00:04]} c4
{[%clk 00:02:08]} {[%emt 00:00:04]} 82. f7 {[%clk 00:25:00]} {[%emt 00:00:04]}
c3 {[%clk 00:02:23]} {[%emt 00:00:14]} 83. Rc6 {[%clk 00:25:25]} {[%emt
00:00:05]} Kg5 {[%clk 00:01:52]} {[%emt 00:01:01]} 84. Rxc3 {[%clk 00:25:42]}
{[%emt 00:00:13]}  1-0

[Event "Hull 4NCL International GM Event"]
[Site "Hull"]
[Date "2019.11.01"]
[Round "5"]
[Board "1"]
[White "Roberson, Peter T"]
[Black "Merry, Alan B"]
[Result "1-0"]
[WhiteElo "2437"]
[BlackElo "2426"]
[PlyCount "0"]
[EventDate "2019.10.30"]
[EventRounds "9"]
[EventCountry "ENG"]

1. e4 {[%clk 01:23:31]} {[%emt 00:07:28]} e6 {[%clk 01:30:54]} {[%emt
00:00:07]} 2. d4 {[%clk 01:23:56]} {[%emt 00:00:06]} d5 {[%clk 01:31:20]}
{[%emt 00:00:03]} 3. e5 {[%clk 01:24:17]} {[%emt 00:00:09]} c5 {[%clk
01:31:42]} {[%emt 00:00:08]} 4. c3 {[%clk 01:24:45]} {[%emt 00:00:02]} Qb6
{[%clk 01:32:07]} {[%emt 00:00:05]} 5. Nf3 {[%clk 01:25:12]} {[%emt 00:00:03]}
Nc6 {[%clk 01:32:32]} {[%emt 00:00:05]} 6. Be2 {[%clk 01:25:35]} {[%emt
00:00:07]} cxd4 {[%clk 01:31:33]} {[%emt 00:01:29]} 7. cxd4 {[%clk 01:25:57]}
{[%emt 00:00:08]} Nh6 {[%clk 01:31:58]} {[%emt 00:00:04]} 8. Bxh6 {[%clk
01:25:35]} {[%emt 00:00:52]} Qxb2 {[%clk 01:19:16]} {[%emt 00:13:12]} 9. Nbd2
{[%clk 01:25:42]} {[%emt 00:00:23]} gxh6 {[%clk 01:19:26]} {[%emt 00:00:20]} 10.
O-O {[%clk 01:25:54]} {[%emt 00:00:18]} Bg7 {[%clk 01:15:28]} {[%emt 00:04:28]}
11. Rb1 {[%clk 01:13:58]} {[%emt 00:12:27]} Qa3 {[%clk 01:13:24]} {[%emt
00:02:34]} 12. Re1 {[%clk 01:13:08]} {[%emt 00:01:19]} O-O {[%clk 01:07:19]}
{[%emt 00:06:35]} 13. Nf1 {[%clk 01:13:35]} {[%emt 00:00:03]} f6 {[%clk
00:53:43]} {[%emt 00:14:06]} 14. Bd3 {[%clk 01:04:31]} {[%emt 00:09:34]} fxe5
{[%clk 00:51:32]} {[%emt 00:02:41]} 15. dxe5 {[%clk 01:00:26]} {[%emt
00:04:36]} Qe7 {[%clk 00:47:30]} {[%emt 00:04:32]} 16. Ng3 {[%clk 00:55:16]}
{[%emt 00:05:40]} Rb8 {[%clk 00:39:19]} {[%emt 00:08:42]} 17. Rb3 {[%clk
00:47:06]} {[%emt 00:08:39]} Bd7 {[%clk 00:28:24]} {[%emt 00:11:25]} 18. Qb1
{[%clk 00:45:23]} {[%emt 00:02:13]} b6 {[%clk 00:22:28]} {[%emt 00:06:26]} 19.
Bxh7+ {[%clk 00:39:49]} {[%emt 00:06:04]} Kh8 {[%clk 00:22:57]} {[%emt
00:00:01]} 20. Bg6 {[%clk 00:39:36]} {[%emt 00:00:42]} Rbc8 {[%clk 00:18:38]}
{[%emt 00:04:49]} 21. Nh5 {[%clk 00:30:24]} {[%emt 00:09:43]} Na5 {[%clk
00:18:21]} {[%emt 00:00:47]} 22. Rd3 {[%clk 00:28:39]} {[%emt 00:02:15]} Rc4
{[%clk 00:17:19]} {[%emt 00:01:31]} 23. Nd4 {[%clk 00:24:40]} {[%emt 00:04:30]}
Qc5 {[%clk 00:11:44]} {[%emt 00:06:06]} 24. Qd1 {[%clk 00:17:37]} {[%emt
00:07:32]} Nc6 {[%clk 00:06:38]} {[%emt 00:05:36]} 25. Nxg7 {[%clk 00:14:35]}
{[%emt 00:03:32]} Kxg7 {[%clk 00:01:26]} {[%emt 00:05:41]} 26. Qh5 {[%clk
00:06:48]} {[%emt 00:08:18]} Rc1 {[%clk 00:01:01]} {[%emt 00:00:54]} 27. Rxc1
{[%clk 00:05:03]} {[%emt 00:02:17]} Qxc1+ {[%clk 00:01:29]} {[%emt 00:00:01]}
28. Rd1 {[%clk 00:05:31]} {[%emt 00:00:02]} Qg5 {[%clk 00:00:42]} {[%emt
00:01:16]} 29. Nxc6 {[%clk 00:04:50]} {[%emt 00:01:12]} Bxc6 {[%clk 00:00:34]}
{[%emt 00:00:38]} 30. Qxg5 {[%clk 00:03:50]} {[%emt 00:01:30]} hxg5 {[%clk
00:01:03]} {[%emt 00:00:01]} 31. Bd3 {[%clk 00:04:16]} {[%emt 00:00:04]} Bb7
{[%clk 00:00:36]} {[%emt 00:00:57]} 32. Rc1 {[%clk 00:03:06]} {[%emt 00:01:40]}
Rc8 {[%clk 00:01:01]} {[%emt 00:00:04]} 33. Rxc8 {[%clk 00:03:33]} {[%emt
00:00:04]} Bxc8 {[%clk 00:01:28]} {[%emt 00:00:03]} 34. f3 {[%clk 00:03:37]}
{[%emt 00:00:26]} d4 {[%clk 00:00:52]} {[%emt 00:01:06]} 35. Kf2 {[%clk
00:04:06]} Bd7 {[%clk 00:00:58]} {[%emt 00:00:24]} 36. Ke2 {[%clk 00:03:24]}
{[%emt 00:01:12]} a5 {[%clk 00:01:03]} {[%emt 00:00:25]} 37. Ba6 {[%clk
00:00:50]} {[%emt 00:03:04]} b5 {[%clk 00:00:47]} {[%emt 00:00:46]} 38. Kd3
{[%clk 00:01:20]} b4 {[%clk 00:00:45]} {[%emt 00:00:32]} 39. Kxd4 {[%clk
00:01:39]} {[%emt 00:00:10]} Bc6 {[%clk 00:00:43]} {[%emt 00:00:32]} 40. Bc4
{[%clk 00:01:36]} {[%emt 00:00:33]} Kf7 {[%clk 00:00:56]} {[%emt 00:00:16]} 41.
Kc5 {[%clk 00:01:32]} {[%emt 00:00:33]} Ba8 {[%clk 00:00:40]} {[%emt 00:00:46]}
42. Kb5 {[%clk 00:01:14]} {[%emt 00:00:49]} Bd5 {[%clk 00:00:57]} {[%emt
00:00:14]} 43. Bxd5 {[%clk 00:01:13]} {[%emt 00:00:32]} exd5 {[%clk 00:01:26]}
44. Kxa5 {[%clk 00:01:28]} {[%emt 00:00:14]}  1-0